000 00778nam a22002177a 4500
003 OSt
005 20140310182159.0
008 130902t xxu||||| |||| 00| 0 eng d
020 _a8172451458
050 _aGE 77
_b.F852 1995
082 _aHS 372.357
_bF87 1995
100 _aFredericks, Anthony D.
_916177
245 _aSimple nature experiments with everyday materials /
_cAnthony D. Fredericks.
260 _aNew Delhi, India :
_bGoodwill Publication,
_cc1995.
300 _a128 p. :
_bill. ;
_c23 cm.
650 _aEnvironmental sciences
_xStudy and teaching (Elementary)
_xActivity programs.
_916178
650 _aEnvironmental sciences
_xExperiments
_xJuvenile Literature.
_916179
650 _aScientific recreation
_xTitle.
_916180
942 _2lcc
_cHS
999 _c10180
_d10180